HTC One (M8) for dummies

Na minha lista:
Detalhes bibliográficos
Autor principal:  Hughes, Bill
Formato: Sách
Idioma:Undetermined
Publicado em:  Wiley, John Wiley & Sons  2015
Assuntos:
Tags: Adicionar Tag
Sem tags, seja o primeiro a adicionar uma tag!
Thư viện lưu trữ: Trung tâm Thư viện - Trường Đại học Công nghiệp TP. Hồ Chí Minh
LEADER 00510nam a2200157Ia 4500
001 UIH_07490
008 231011s9999 xx 000 0 und d
082 |a  004.1675 
100 |a  Hughes, Bill 
245 0 |a  HTC One (M8) for dummies 
245 0 |c  Hughes, Bill 
260 |b  Wiley, John Wiley & Sons 
260 |c  2015 
650 |a  HTC One (Điện thoại thông minh); Máy tính;  
927 |a Sách 
980 |a Trung tâm Thư viện - Trường Đại học Công nghiệp TP. Hồ Chí Minh